000 00766nam a2200253Ia 4500
003 OSt
005 20220918222601.0
006 a|||||r|||| 00| 0
007 ta
008 220917b |||||||| |||| 00| 0 eng d
024 _a217,352
037 _cTextual
040 _aARTS
_cARTS
_beng
041 _2eng
_aeng
082 _ak6,N, N9
100 _aAppiah Kwame Anthony Ed.
_9143523
245 0 _aAfricana
_b The encyclopedia of the African and African American experience
260 _aNew York
_bBasic civitas books
_c1999
300 _axxxvii, 2095 p
_ccm.
650 _aGENERALIA
700 _a Gates Henry Louis Ed.
_953143
942 _hk6,N, N9
_cTEXL
_2CC
999 _c275927
_d275927